| 000 | 01267nam a22002897a 4500 | ||
|---|---|---|---|
| 003 | OSt | ||
| 005 | 20230220103653.0 | ||
| 007 | cr ||||||a|c|a | ||
| 008 | 230216s2021 mx a|||fom||| 001 0 spa d | ||
| 040 | _erda | ||
| 100 | 1 |
_9186069 _aMartínez González, César Ramiro |
|
| 245 | 1 |
_aFilogenia y morfología de opuntia ser. Streptacanthae (cactaceae) / _cpor César Ramiro Martínez González; director de tesis Alejandro F. Barrientos Priego. |
|
| 264 | 1 |
_aChapingo, México : _bEl autor, _c2021. |
|
| 300 |
_a1 recurso en línea (62 páginas). _btablas, figuras. |
||
| 336 |
_2rdacontent _atexto _btxt |
||
| 337 |
_2rdamedia _acomputadora _bc |
||
| 338 |
_2rdacarrier _arecurso en línea _bcr |
||
| 502 |
_bMCBA _cFitotecnia _d2021. _gMAE |
||
| 504 | _aIncluye referencias bibliográficas: páginas 13-16,24-26,36-40, | ||
| 650 | 2 |
_9148210 _aOpuntia _xVariedades |
|
| 650 | 2 |
_9186193 _aOpuntia _xGenética |
|
| 650 | 2 |
_9186192 _aOpuntia _xFisiología y morfología |
|
| 650 | 2 |
_9148026 _aOpuntia _xPropiedades fisicoquímicas |
|
| 700 | 1 |
_910489 _aBarrientos Priego, Alejandro F. _eDirector de tesis. |
|
| 856 |
_uhttp://10.13.5.2/tesis/tm/2021_FI_Martinez_Gonzalez_CesarRamiro.pdf _zDESCARGAR PDF |
||
| 942 |
_2Clasificación Universidad Autónoma Chapingo _cTD |
||
| 999 |
_c218366 _d218366 |
||